| 000 | 00490nam a2200181Ia 4500 | ||
|---|---|---|---|
| 005 | 20260429112000.0 | ||
| 008 | 260429s9999||||xx |||||||||||||| ||und|| | ||
| 020 | _a9798886131338 | ||
| 041 | _aEnglish | ||
| 082 |
_a333.9539 _bHAL |
||
| 100 | _aHalford, Nigel G | ||
| 245 | 0 |
_aIntroduction to bioenergy / _cNigel G Halford |
|
| 260 |
_aLondon : _bImperial college press, _c2025. |
||
| 300 | _axi, 152 p.; pbk | ||
| 650 | _a Biomass energy | ||
| 650 | _aEnergy economics | ||
| 942 | _cTB | ||
| 999 |
_c51741 _d51741 |
||